| 000 | 00355nam a2200145Ia 4500 | ||
|---|---|---|---|
| 008 | 221030s9999 xx 000 0 und d | ||
| 041 | _aEnglish | ||
| 082 |
_a105.23 _bRaj |
||
| 100 | _aR. K. Rajput | ||
| 245 | 0 |
_aElectrical Engineering Materials _cby R. K. Rajput |
|
| 260 |
_bLaxmi Pub. _aNew Delhi _c1996 |
||
| 300 | _a387 | ||
| 650 | _aEE | ||
| 942 | _cBK | ||
| 999 |
_c1663 _d1663 |
||